000 00741nam a22001937a 4500
999 _c180997
_d180997
005 20210825115903.0
010 _aUR-11208
020 _c350.00
_a9789387884786
035 _aU-9763
037 _bDBAD/PUB
082 _a920
100 _aصفد را ما م قا د ر ی
245 _aبہا ر کے پہلے و ز ير ا علا :شر ی کر شن سنہا سيا سی ا و ر سما جی خد ما ت
_cصفد را ما م قا د ر ی
246 _aBihar ke Pahle Wazir-e-AalaShri Krishna Sinha(Urdu)
_bby Safdar imam Quadri
260 _aDelhi
_c2019ء
_bCreatyve Star Publications
270 _aJamia Nagar,
_bNew Delhi
_e25
_l8851148278
300 _a272 ص
_c22 Cm(Hb)
942 _2ddc
_cUR
_h920
_mش ر ی